书目信息 |
| 题名: |
回声
|
|
| 作者: | 韩乃寅 著 | |
| 分册: | ||
| 出版信息: | 哈尔滨 北方文艺出版社 2003.01 |
|
| 页数: | 646页 | |
| 开本: | 20cm | |
| 丛书名: | 韩乃寅学龄前选集 | |
| 单 册: | ||
| 中图分类: | I287.45 | |
| 科图分类: | ||
| 主题词: | 儿童文学--中国 , 儿童文学--中国--丛书 | |
| 电子资源: | ||
| ISBN: | 7-5317-1571-6 | |
| 000 | 00633nam0 2200229 45 | |
| 001 | 0354654947 | |
| 005 | 2003041815105494 | |
| 010 | @a7-5317-1571-6@dRMB 29.80 | |
| 100 | @a20030418d2003 km y0chiy0120 ea | |
| 101 | 0 | @achi |
| 102 | @aCN@b230000 | |
| 200 | 1 | @a回声@Ahui sheng@f韩乃寅著@Fhan nai yin zhu |
| 210 | @a哈尔滨@c北方文艺出版社@d2003.01 | |
| 215 | @a646页@d20cm | |
| 225 | 2 | @a韩乃寅学龄前选集 |
| 410 | 0 | @12001 @a韩乃寅学龄前选集 |
| 606 | 0 | @a儿童文学@x中国 |
| 606 | 0 | @a儿童文学@x中国@x丛书 |
| 690 | @aI287.45@v4 | |
| 701 | 0 | @a韩乃寅@Ahan nai yin@4著 |
| 801 | 0 | @aCN@bPFT@c20030418 |
| 905 | @a10447@dI287.45@eH080 | |
| 回声/韩乃寅著.-哈尔滨:北方文艺出版社,2003.01 |
| 646页;20cm.-(韩乃寅学龄前选集) |
| ISBN 7-5317-1571-6:RMB 29.80 |
| ● |
| 相关链接 |
|
|
|
正题名:回声
索取号:I287.45/H080
 
预约/预借
| 序号 | 登录号 | 条形码 | 馆藏地/架位号 | 状态 | 备注 |
| 1 | 365975 | 203659754 | 社科二线400B/400B社科库 27排4列3层/ [索取号:I287.45/H080] | 在馆 | |
| 2 | 365976 | 203659763 | 文学库116/ [索取号:I287.45/H080] | 在馆 |